000 00461nam a2200181Ia 4500
001 10586
003 IN-NITTTR
005 20251114233058.0
008 251113s9999||||xx |||||||||||||| ||eng||
040 _beng
040 _cIN-NITTTR
041 _aeng
082 _a519.512 G192S
100 _aGarrett, Henry E.
245 0 _aStatistics in psychology and education /
_cGarrett, Henry E., Woodworth, R. S.
700 _a Woodworth, R. S.
942 _2ddc
_cBK
999 _c13223
_d13223